| 000 | 00981cam a2200217 4500 | ||
|---|---|---|---|
| 001 | WB@3612-442 | ||
| 008 | 040715n2004 000 0 eng u | ||
| 035 | _a(Sirsi) u126789 | ||
| 245 | _aRegional housing hotspots | ||
| 260 | _c2004 | ||
| 490 |
_aHBOS Press Release _v10 July 2004 (5) |
||
| 520 | _aAccording to the latest "Regional house prices" report from the Halifax, the top 10 property hotspots for the second quarter of 2004 are again all outside the south of England. Crewe has experienced the biggest increase in prices - the average price in the second quarter of 2004 is £196 970, up 58% from £124 540 for the same period in 2003. http://www.hbosplc.com/media/pressreleases/article s/halifax/2004-07-10-01.asp?fs=media/press_release s.asp | ||
| 590 | _aWB | ||
| 590 | _aWB | ||
| 650 | _aHALIFAX HOUSE PRICE INDEX | ||
| 650 | _aNORTH-SOUTH DIVIDE | ||
| 650 | _aHOUSING-MARKET | ||
| 650 | _aHOUSE PRICES | ||
| 690 | _aHOUSING-HOUSE PRICES | ||
| 942 | _n0 | ||
| 999 |
_c117705 _d117705 |
||